<?xml version="1.0" encoding="UTF-8"?>
<collection xmlns="http://www.loc.gov/MARC21/slim">
 <record>
  <leader>00772nam a22002051  4500</leader>
  <controlfield tag="001">1/14060</controlfield>
  <controlfield tag="008">990113s1964    enk            000  eng d</controlfield>
  <datafield tag="035" ind1=" " ind2=" ">
   <subfield code="l">14523</subfield>
  </datafield>
  <datafield tag="040" ind1=" " ind2=" ">
   <subfield code="a">DLC</subfield>
   <subfield code="b">GR-PeUP</subfield>
  </datafield>
  <datafield tag="082" ind1="0" ind2="0">
   <subfield code="a">338.477 455 VE</subfield>
  </datafield>
  <datafield tag="100" ind1="1" ind2=" ">
   <subfield code="a">Veblen, Thorstein,</subfield>
   <subfield code="d">1857-1929.</subfield>
  </datafield>
  <datafield tag="245" ind1="1" ind2="4">
   <subfield code="a">The instinct of workmanship:</subfield>
   <subfield code="b">And the State of the Industrial Arts/</subfield>
   <subfield code="c">By Thorstein Veblen; introduction by Dr. Joseph Dorfman.</subfield>
  </datafield>
  <datafield tag="260" ind1=" " ind2=" ">
   <subfield code="a">New York:</subfield>
   <subfield code="b">Augustus M. Kelley,</subfield>
   <subfield code="c">1964.</subfield>
  </datafield>
  <datafield tag="300" ind1=" " ind2=" ">
   <subfield code="a">355p.;</subfield>
   <subfield code="c">21cm.</subfield>
  </datafield>
  <datafield tag="490" ind1="1" ind2=" ">
   <subfield code="a">Reprints of Economic Classics ;</subfield>
  </datafield>
  <datafield tag="650" ind1=" " ind2="4">
   <subfield code="a">Industrial arts.</subfield>
  </datafield>
  <datafield tag="650" ind1=" " ind2="4">
   <subfield code="a">Handicraft industries</subfield>
   <subfield code="x">Art economics.</subfield>
  </datafield>
  <datafield tag="700" ind1="1" ind2=" ">
   <subfield code="a">Dorfman, Joseph,</subfield>
   <subfield code="e">introd.</subfield>
  </datafield>
  <datafield tag="830" ind1=" " ind2=" ">
   <subfield code="a">Reprints of Economic Classics.</subfield>
  </datafield>
  <datafield tag="852" ind1=" " ind2=" ">
   <subfield code="a">INST</subfield>
   <subfield code="b">UNIPILB</subfield>
   <subfield code="c">MAIN</subfield>
   <subfield code="e">20040709</subfield>
   <subfield code="h">338.477 455 VE</subfield>
   <subfield code="p">00129764</subfield>
   <subfield code="q">00129764</subfield>
   <subfield code="t">LOAN</subfield>
   <subfield code="y">0</subfield>
   <subfield code="4">1</subfield>
  </datafield>
 </record>
</collection>
